Global marketing : (رقم التسجيلة. 23791)

تفاصيل مارك
000 -الفاتح
حقل البيانات ثابتة الطول 01214cam a22003134a 4500
001 - رقم الضبط
رقم الضبط 13849562
003 - محدد رقم الضبط
رقم الضبط OSt
005 - وقت وتاريخ اخر تعامل مع التسجيلة
رقم الضبط 20150408114040.0
008 - عناصر البيانات ثابتة الطول - معلومات عامة
حقل البيانات ثابتة الطول 050125s2006 maua b 001 0 eng
010 ## - رقم ضبط مكتبة الكونجرس
رقم ضبط مكتبة الكونجرس 2005041505
020 ## - الرقم الدولى المعيارى للكتب
الرقم الدولى المعيارى للكتاب 0071263624
040 ## - مصدر الفهرسة
وكالة الفهرسة الأصلية DLC
وكالة النسخ DLC
وكالة التعديل DLC
042 ## - رمز التحقق
رمز التحقق pcc
050 00 - رقم طلب مكتبة الكونجرس
رقم التصنيف HF1416
رقم المادة .J63 2006
082 00 - رقم تصنيف ديوى العشرى
رقم التصنيف 658.84
رقم الطبعة 22
100 1# - المدخل الرئيسى - إسم شخصى
الإسم الشخصى Johansson, Johny K.
9 (RLIN) 15176
245 10 - بيان العنوان
العنوان Global marketing :
بقية العنوان foreign entry, local marketing & global management /
بيان المسئوليه,etc Johny K. Johansson.
250 ## - بيان الطبعة
بيان الطبعة 4th ed.
260 ## - PUBLICATION, DISTRIBUTION, ETC. (IMPRINT)
مكان الناشر او الموزع Boston :
اسم الناشر او الموزع McGraw-Hill Irwin,
تاريخ النشر أو التوزيع c2006.
300 ## - الوصف المادى
التعداد xvi, 647 p. :
تفاصيل ماديه اخرى للوعاء ill. ;
أبعاد الوعاء 29 cm.
440 #0 - بيان السلسلة/مدخل إضافى-العنوان
العنوان McGraw-Hill/Irwin series in marketing
9 (RLIN) 15177
504 ## - تبصرة ببليوجرافية
تبصرة ببليوجرافية,الخ Includes bibliographical references and index.
650 #0 - المدخل الاضافى بالموضوع-مصطلح موضوعى
مصطلح موضوعي أو اسم جغرافي كعنصر مدخل Export marketing.
9 (RLIN) 15178
650 #0 - المدخل الاضافى بالموضوع-مصطلح موضوعى
مصطلح موضوعي أو اسم جغرافي كعنصر مدخل Export marketing
التقسيم الفرعي العام Management.
9 (RLIN) 15179
856 42 - الوصول و الموقع الالكترونى
مواد محددة Publisher description
معرف المصدر الموحد <a href="http://www.loc.gov/catdir/enhancements/fy0623/2005041505-d.html">http://www.loc.gov/catdir/enhancements/fy0623/2005041505-d.html</a>
856 41 - الوصول و الموقع الالكترونى
مواد محددة Table of contents only
معرف المصدر الموحد <a href="http://www.loc.gov/catdir/enhancements/fy0623/2005041505-t.html">http://www.loc.gov/catdir/enhancements/fy0623/2005041505-t.html</a>
942 ## - عناصر المدخل الإضافي( كوها)
مصدر التصنيف او مخطط الترفيف Dewey Decimal Classification
Koha [default] item type كتاب
المقتنيات
حالة الفقد نموذج السعر الفعال حالة تلف ليس للاعارة رقم الطلب تاريخ الاكتساب الموقع الحالي الباركود الفرع الرئيسي Date last seen نوع المادة فى نظام كوها مصدر التصنيف او خطة الترفيف Total Checkouts
  2013-03-10     658.84 J J G 2012-05-30 المكتبة المركزية بالمجمعة (CL) 1004000000051 المكتبة المركزية بالمجمعة (CL) 2013-03-10 كتاب Dewey Decimal Classification